000 00402nam a2200181Ia 4500
005 20250423101038.0
008 250422s9999 xx 000 0 und d
020 _a978034098151
050 _aPR 504.5 .M38/
100 _aMatterson, Stephen
245 0 _aStudying poetry
250 _a2nd ed.
260 _aNew York
260 _bbloomsbury
260 _c2011
300 _a200 p
942 _cBK
999 _c35119
_d35119